Glassaire de termes relatifs aux pratiques commerciales restrictives (Record no. 72669)

MARC details
000 -LEADER
campo de control de longitud fija 00586nam a2200145 i 4500
001 - NÚMERO DE CONTROL
campo de control 72669
003 - IDENTIFICADOR DE NÚMERO DE CONTROL
campo de control ES-MaACL
005 - FECHA Y HORA DE LA ÚLTIMA TRANSACCIÓN
campo de control 20230906171519.0
007 - CAMPO FIJO DE DESCRIPCIÓN FÍSICA--INFORMACIÓN GENERAL
campo de control de longitud fija t|
008 - DATOS DE LONGITUD FIJA--INFORMACIÓN GENERAL
campo de control de longitud fija 040902s1965 fr ||||1| fre d
245 00 - MENCIÓN DEL TÍTULO
Título Glassaire de termes relatifs aux pratiques commerciales restrictives
Resto del título : = Glssary of terms relating to restrictive business practices /
Mención de responsabilidad, etc. Organisation de coopération et de développement économiques = Organisation for Economic Co-operation and Developpement.
260 ## - PUBLICACIÓN, DISTRIBUCIÓN, ETC.
Lugar de publicación, distribución, etc. Paris :
Nombre del editor, distribuidor, etc. OCDE,
Fecha de publicación, distribución, etc. 1965.
300 ## - DESCRIPCIÓN FÍSICA
Extensión 95 p. ;
Dimensiones 24 cm.
852 ## - LOCALIZACIÓN
Ubicación ES-MaACL
Número de control de estantería L-10252
Sublocalización o colección R.112363
Holdings
Estatus retirado Estado de pérdida Estado de daño No para préstamo Biblioteca de origen Biblioteca actual Ubicación en estantería Fecha de adquisición Fuente de adquisición Total de préstamos Signatura topográfica completa Código de barras Visto por última vez Precio de reemplazo Tipo de ítem Koha
        Biblioteca del Ateneo de Madrid Biblioteca del Ateneo de Madrid Depósito 2 17/01/2008     L-10252 1076073 23/02/2023 23/02/2023 Libro impreso